Statistics for 二十四節気

Click here to take the quiz!

General Stats

  • This quiz has been taken 163 times
  • The average score is 13 of 24

Answer Stats

Answer% Correct
大寒
85%
春分
84%
小寒
83%
秋分
83%
夏至
81%
冬至
81%
立春
76%
立夏
75%
啓蟄
75%
立冬
74%
立秋
73%
大暑
69%
小暑
67%
処暑
43%
大雪
40%
雨水
39%
小雪
38%
霜降
28%
清明
26%
穀雨
26%
小満
24%
芒種
23%
寒露
18%
白露
18%

Score Distribution

Percentile by Number Answered

Percent of People with Each Score

Your Score History

You have not taken this quiz